000
00197nam a22000857a 4500
001
1235036
005
20250929154406.0
245
_a
PERİLİ KÖŞK
_c
ÖMER SEYFETTİN
260
_b
ALTIN KİTAP YAYINLARI
999
_c
1235036
_d
1235036